Politik. (Record no. 87757)

MARC details
000 -LEADER
fixed length control field 00603cam a22002291 4500
001 - CONTROL NUMBER
control field sa 68017503
003 - CONTROL NUMBER IDENTIFIER
control field DLC
005 - DATE AND TIME OF LATEST TRANSACTION
control field 20260227112703.0
008 - FIXED-LENGTH DATA ELEMENTS--GENERAL INFORMATION
fixed length control field 721106s1965 xx 000 0 eng
010 ## - LIBRARY OF CONGRESS CONTROL NUMBER
LC control number sa 68017503
035 ## - SYSTEM CONTROL NUMBER
System control number (OCoLC)486513
040 ## - CATALOGING SOURCE
Original cataloging agency DLC
Transcribing agency OAU
Modifying agency OCoLC
-- DLC
042 ## - AUTHENTICATION CODE
Authentication code premarc
050 00 - LIBRARY OF CONGRESS CALL NUMBER
Classification number BR115.P7
Item number K85
110 2# - MAIN ENTRY--CORPORATE NAME
Corporate name or jurisdiction name as entry element Kursus Kader Katolik.
245 10 - TITLE STATEMENT
Title Politik.
260 ## - PUBLICATION, DISTRIBUTION, ETC.
Place of publication, distribution, etc. Djakarta,
Name of publisher, distributor, etc. K. K. K.
Date of publication, distribution, etc. [1965 or 6]
300 ## - PHYSICAL DESCRIPTION
Extent 72 p.
Dimensions 17 cm.
490 1# - SERIES STATEMENT
Series statement Its [Publikasi]
Volume/sequential designation 1
650 #0 - SUBJECT ADDED ENTRY--TOPICAL TERM
Topical term or geographic name entry element Christianity and politics.
810 2# - SERIES ADDED ENTRY--CORPORATE NAME
Corporate name or jurisdiction name as entry element Kursus Kader Katolik.
Title of a work [Publikasi]
Volume/sequential designation 1.

No items available.

Powered by Koha